Les chansons sur la télévision - Statistiques

Statistiques générales
  • Ce quiz a été pris 13 fois
  • Le résultat moyen est 2 sur 20
Statistiques - réponses
Interprète Chanson % Correct
Guy Béart La télé
83%
Arthur H. La télé
83%
Renaud J'ai raté Téléfoot
25%
Alain Souchon En collant l'oreille sur l'appareil
8%
Bénabar Maritie et Gilbert Carpentier
8%
Louis Chedid Zap zap
8%
Renaud A la téloche
0%
Tri Yann A mâtine à la télé
0%
Magic System C'est la télé
0%
Jean Ferrat Intox
0%
Michel Delpech Je passe à la télé
0%
Léo Ferré La complainte de la télé
0%
Eric Toulis La lucarne à blaireaux
0%
Pierre Perret La télé est en panne
0%
Jean Ferrat Le fantôme
0%
François Corbier Les vieux copains de la télé
0%
Philippe Clay Qui c'est y ?
0%
Nino Ferrer Télé libre
0%
Henri Tachan Telle est la télé
0%
Christophe Alévêque TV Boy
0%
Aucun quiz correspondant
Distribution des résultats
% des personnes avec chaque résultat
Percentile par nombre de réponses
Votre historique - résultats
Vous n’avez pas pris ce quiz